Strategic economy in Japan

Contents: Thomas Huber argues in this book that Japan's economy functions more in the manner of a modern military system than a free market economy. He sets out to demystify the Japanese economic "miracle" by uncovering the driving strategy behind it, and shows how institutions, gover...

Ausführliche Beschreibung

Gespeichert in:
Bibliographische Detailangaben
1. Verfasser: Huber, Thomas M.
Format: Buch
Sprache:Undetermined
Veröffentlicht: Boulder Westview Press 1994
Schlagworte:
Tags: Tag hinzufügen
Keine Tags, Fügen Sie den ersten Tag hinzu!
Thư viện lưu trữ: Trung tâm Học liệu Trường Đại học Cần Thơ
LEADER 01028nam a2200229Ia 4500
001 CTU_222096
008 210402s9999 xx 000 0 und d
082 |a 338.952 
082 |b H877 
100 |a Huber, Thomas M. 
245 0 |a Strategic economy in Japan 
245 0 |c Thomas M. Huber. 
260 |a Boulder 
260 |b Westview Press 
260 |c 1994 
520 |a Contents: Thomas Huber argues in this book that Japan's economy functions more in the manner of a modern military system than a free market economy. He sets out to demystify the Japanese economic "miracle" by uncovering the driving strategy behind it, and shows how institutions, government policy-makers and big business collaborate to plan, direct and implement the working of "Japan Inc", making it a formidable force in world trade. 
650 |a Japan,Nhật Bản 
650 |x Economic policy 
650 |y 1989-,1989- 
650 |z Chinh sách kinh tế 
910 |a Qhieu 
980 |a Trung tâm Học liệu Trường Đại học Cần Thơ